000
00307 a2200157 4500
001
68250
020
_a
9788506008794
040
_c
Anchieta - Pituba
100
_a
Homero
240
1
0
_a
Ilíada
_l
por
245
1
0
_a
Ilíada
300
_a
46
362
0
_a
1998
650
4
_a
Literatura juvenil
942
_c
BK
999
_c
68250
_d
68250